LEADER 01341nam--2200433---450- 001 990000510770203316 005 20160628132923.0 010 $a88-7802-882-7 035 $a0051077 035 $aUSA010051077 035 $a(ALEPH)000051077USA01 035 $a0051077 100 $a20010614d1998----km-y0itay0103----ba 101 $aita 102 $aIT 105 $a||||||||001yy 200 1 $a<> storia della coscienza in Fichte, 1794-1798$fAdriano Bugliani 210 $aMilano$cGuerini$d1998 215 $a131 p.$d21 cm. 225 2 $aFichtiana$fIstituto italiano per gli studi filosofici$v9 410 0$12001$aFichtiana$v9 454 1$12001 461 1$1001-------$12001 600 1$aFichte,$bJohann Gottlieb$xConcetto di coscienza 676 $a126.092 700 1$aBUGLIANI,$bAdriano$0716302 801 0$aIT$bsalbc$gISBD 912 $a990000510770203316 951 $aXV.10. 117$b252152 L.M.$cXV.10.$d382596 959 $aBK 969 $aUMA 979 $aPATTY$b90$c20010614$lUSA01$h1756 979 $c20020403$lUSA01$h1700 979 $aPATRY$b90$c20040406$lUSA01$h1635 979 $aCOPAT6$b90$c20050531$lUSA01$h1419 979 $aRIVELLI$b90$c20160628$lUSA01$h1327 979 $aRIVELLI$b90$c20160628$lUSA01$h1329 996 $aStoria della coscienza in Fichte, 1794-1798$91387661 997 $aUNISA LEADER 02032nam0 22004933i 450 001 CFI0197286 005 20251003044132.0 010 $a8814026815 100 $a20130827d1990 ||||0itac50 ba 101 | $aita 102 $ait 181 1$6z01$ai $bxxxe 182 1$6z01$an 200 1 $aˆGli ‰statuti dei comuni e delle province$eschemi, proposte, problemi$fVittorio Italia 210 $aMilano$cGiuffrè$d1990 215 $aXIV, 129 p.$d22 cm. 225 | $aTeoria e pratica del diritto$i. Sezione 4, Diritto amministrativo$v27 410 0$1001CFI0011479$12001 $aTeoria e pratica del diritto$i. Sezione 4, Diritto amministrativo$v27 606 $aCOMUNI$xStatuti$2FIR$3NAPC054620$9I 606 $aPROVINCIA$xStatuti$2FIR$3RAVC039502$9I 676 $a342$9DIRITTO COSTITUZIONALE E AMMINISTRATIVO$v12 676 $a342.45$9DIRITTO COSTITUZIONALE E AMMINISTRATIVO. ITALIA$v12 676 $a342.4506$9POTERE ESECUTIVO. ITALIA$v21 676 $a342.4509$9DIRITTO COSTITUZIONALE. GOVERNO LOCALE. ITALIA$v21 676 $a352$9CONSIDERAZIONI GENERALI DI AMMINISTRAZIONE PUBBLICA$v21 696 $aMunicipi$aComuni $aComune$aStatuto$aDiritto statutario 696 $aStatuto$aDiritto statutario 699 $aComuni$yMunicipi 699 $aComuni$zComuni 699 $aComuni$zComune 699 $aStatuti$zStatuto 699 $aStatuti$yDiritto statutario 699 $aStatuti$zStatuto 699 $aStatuti$yDiritto statutario 700 1$aItalia$b, Vittorio$3CFIV013672$4070$0334403 801 3$aIT$bIT-000000$c20130827 850 $aIT-BN0095 $aIT-AV0007 901 $bNAP 01$cGUERRAZZI $n$ 901 $bNAP AV$cSEZ. M $nSezione Moderna 912 $aCFI0197286 950 0$aBiblioteca Centralizzata di Ateneo$c1 v.$d 01GUERRAZZI B 1169$e 0101 0000099725 VMA 1 v.$fA $h20080515$i20080515 977 $a 01$a AV 996 $aStatuti dei comuni e delle province$962812 997 $aUNISANNIO LEADER 04268oam 2200805 c 450 001 9910978265603321 005 20260302090207.0 010 $a3-8394-4828-X 024 7 $a10.14361/9783839448281 035 $a(CKB)4100000008207449 035 $a(MiAaPQ)EBC5776419 035 $a(DE-B1597)521851 035 $a(OCoLC)1102470299 035 $a(DE-B1597)9783839448281 035 $a(transcript Verlag)9783839448281 035 $a(EXLCZ)994100000008207449 100 $a20260302d2019 uy 0 101 0 $ager 135 $aurcnu|||||||| 181 $ctxt$2rdacontent 182 $cc$2rdamedia 183 $acr$2rdacarrier 200 10$aMetadisziplinäre Ästhetik$eEine Designtheorie visueller Deutung und Zeitwahrnehmung$fMichael Heinrich 205 $a1st ed. 210 $aBielefeld$ctranscript Verlag$d2019 215 $a1 online resource (229 pages) 225 0 $aDesign 300 $aThe integrative concept describes and decodes aesthetic experience as a basic component of our experience of the world around us, our perception of time and health. 311 08$a3-8376-4828-1 327 $aFrontmatter 1 Inhalt 5 Einfu?hrung 9 1 Visuelle A?sthetik und die Idee der Scho?nheit 21 2 Die Suche nach metadisziplina?ren Orientierungsmodellen 35 3 Systematik der Verarbeitungsfunktionen visuell-a?sthetischer Wahrnehmung und Deutung 73 4 Vom Bild zur Momentaufnahme: Morphodynamische Interpretation 83 5 A?sthetische Morphodynamik im interdisziplina?ren Theorienfeld 101 6 Anwendungsgeschichte morphodynamischer Reiz- und Deutungsmuster in Kunst und Gestaltung 137 7 A?sthetische Morphodynamik: Bedeutung und Verankerung in Wissenschaft, Kunst und Gestaltung 145 8 Morphodynamische Grundmuster und Indikatoren 153 III A?sthetik und Gesundheit: Potentiale und Wirkfaktoren im Health Care Design 159 Schlussbemerkung 175 Abbildungen 179 Literaturverzeichnis 205 Bildquellennachweis 221 Danksagung 225 330 $aSinnliche Wahrnehmung und deren Deutung bilden die Grundlage unserer Welterfahrung. Wissenschaftler und Gestalter fragen daher seit der Antike, auf welche Weise ästhetische Empfindungen unser Fühlen, Denken und Handeln prägen. Michael Heinrich führt zunächst wissenschaftliche Perspektiven zur Ästhetik vergleichend zusammen und entwirft übergreifende Denkmodelle. Dabei wird erstmalig der enge Zusammenhang zwischen Ästhetik, Bewusstsein und Zeitwahrnehmung verdeutlicht, an Beispielen erklärt und konzeptionalisiert. Eine Übersicht zu den beachtlichen Auswirkungen ästhetischer Umfeldqualitäten auf Gesundheit und Wohlbefinden verweist schlussendlich auf die Verantwortung und das hohe Potenzial integrativen Designs für menschliche Lebensqualität. 330 1 $a»Der synästhetische Allround-Gestalter Michael Heinrich hat eine Designtheorie mit visueller Deutung und Zeitwahrnehmung auf umfassende Art und Weise entwickelt.« 330 1 $a»Ein interessanter Beitrag zum Zusammenhang von ästhetischem Erleben und Wohlbefinden.« 517 2 $aHeinrich, Metadisziplinäre Ästhetik$eEine Designtheorie visueller Deutung und Zeitwahrnehmung 606 $aÄsthetik 606 $aAesthetics 606 $aGestaltung 606 $aShaping 606 $aDesigntheorie 606 $aDesign Theory 606 $aZeitwahrnehmung 606 $aTime Perception 606 $aHealth Care Design 606 $aAtmosphäre 606 $aAtmosphere 606 $aPsychologie 606 $aPsychology 606 $aDesign 615 4$aÄsthetik 615 4$aAesthetics 615 4$aGestaltung 615 4$aShaping 615 4$aDesigntheorie 615 4$aDesign Theory 615 4$aZeitwahrnehmung 615 4$aTime Perception 615 4$aHealth Care Design 615 4$aAtmosphäre 615 4$aAtmosphere 615 4$aPsychologie 615 4$aPsychology 615 4$aDesign 676 $a111.85 700 $aHeinrich$b Michael$p

Michael Heinrich, Hochschule Coburg, Deutschland

$4aut$01328334 801 0$bDE-B1597 801 1$bDE-B1597 906 $aBOOK 912 $a9910978265603321 996 $aMetadisziplina?re A?sthetik$94324845 997 $aUNINA